| 000 | 00681nam a22001937a 4500 | ||
|---|---|---|---|
| 005 | 20170921151214.0 | ||
| 010 | _aENG-120478 | ||
| 020 |
_a9788191024791 _c250.00 |
||
| 035 | _aEN-104010 | ||
| 037 | _bDBAD/PUB | ||
| 082 | _a332.6730954 | ||
| 100 | _aK.P.,Suresha | ||
| 245 |
_aDisinvestment and its impact on public sector Industries in India/ _bby Suresha K.P. |
||
| 260 |
_aBangalore _bSouthern Economist Publication _c2015 |
||
| 270 |
_aNo.9,1st Main,Jama Masjid Complex,1st Floor,10 &11,Guttaahalli _bBangalore _e560003 |
||
| 300 |
_axxiii,295p.: _c23cm(pbk) _bill. |
||
| 500 | _aInclude bibliographical references | ||
| 942 |
_2ddc _cEN _h332.6730954 _mSUR |
||
| 999 |
_c145221 _d145221 |
||